000 00763cam a22002773a 4500
001 13646
003 PGUSA
005 20140828083307.0
008 041008s2004||||xxu|||||s|||||000 p eng d
040 _aPGUSA
_beng
042 _adc
050 4 _aPZ
050 4 _aPR
100 1 _aLear, Edward,
_d1812-1888
245 1 2 _aA Book of Nonsense
_h[electronic resource] /
_cEdward Lear
260 _bProject Gutenberg,
_c2004
506 _aPublic domain in the USA.
516 _aElectronic text
653 _aChildren's poetry, English
653 _aHumorous poetry, English
653 _aLimericks, Juvenile
653 _aNonsense verses, English
830 0 _aProject Gutenberg
_v13646
856 4 0 _uhttp://www.gutenberg.org/ebooks/13646
942 _cEB
999 _c242901
_d242901